00850nam a2200241 i 4500001000700000003000900007005001700016008004100033080001000074080001200084100002900096245012700125260006400252300002200316490002500338546004800363650002500411700002700436700002300463710003100486830002500517852006600542170228ES-MaACL20250524063100.0090213s1979 fr |||| | fre d a782.1 a792.0261 aBerg, Alban, d1885-193510aLulu b: opéra en trois actes : livret bilingue / cAlban Berg ; traduction française de Isabelle et Hans Hildenbrand. aParis : bThéatre National de l'Opéra de Paris, c1979. a269 p. ; c23 cm.1 aMusiques & musiciens aTexto alemán y traducción en francés. 4aÓperas-vLibretos.1 aHildenbrand, Isabelle.1 aHildenbrand, Hans.2 aOpéra national de Paris.0 aMusiques & musiciens4 aES-MaACLjE-12455 z. - Biblioteca Jacinto Martínez Lacalle